00000000nam##2200000za#4500
0019.682631
003CaOODSP
00520210615133035
007ta
008150407|2004||||xxc|||||     f|0| 0 fre|d
040 |aCaOODSP|bfre
043 |an-cn---
0861 |aRC31-23/2004F
1101 |aCanada.|bCommission des revendications des Indiens.
24510|aRapport de médiation sur la revendication de la Première Nation de Thunderchild relative à la cession de 1908
24614|aPremière Nation de Thunderchild: Object du rapport: cession des terres de réserve de 1908 (Médiation)
260 |aOttawa - Ontario : |bCommission des revendications des Indiens |c2004.
300 |a12p. : |bcartes, références ; |c28 cm.
5203 |aCe rapport renferme un bref historique de la revendication de la Première Nation de Thunderchild relative à la cession de 1908 et un résumé des négociations ayant conduit au règlement de la revendication en septembre 2003. La revendication, qui a été présentée officiellement en février 1986, invoquait que la cession de 1908 de la réserve de Thunderchild était, notamment, nulle et non avenue.
563 |aReliure à spirale
590 |a04-38|b2004-09-17
69107|aRevendication territoriale|2gcpds
69107|aAutochtones|2gcpds
77508|tReport on the mediation of the Thunderchild First Nation 1908 surrender claim |w(CaOODSP)9.649436
7760#|tRapport de médiation sur la revendication de la Première Nation de Thunderchild relative à la cession de 1908 |w(CaOODSP)9.631601